[Event "Kragero Resort International 2022"]
[Site "Kragero"]
[Date "2022.02.27"]
[Round "9.26"]
[White "Bjorgvinsson, Andri Freyr"]
[Black "Shehzad, Shazil"]
[Result "0-1"]
[WhiteElo "2096"]
[BlackElo "2182"]
[Annotator "TA"]
[PlyCount "84"]
[EventDate "2022.02.23"]
[EventType "swiss"]
[EventCountry "NOR"]
[SourceTitle "playchess.com"]
[Source "ChessBase"]
[SourceQuality "1"]

{[%evp 9,84,0,8,6,14,6,20,-26,-17,-22,-18,-27,-30,-35,-28,-31,-27,-39,-34,-27,-31,-32,19,-50,-52,-76,-99,-78,-69,-109,-103,-108,18,6,7,9,6,-11,-2,-19,0,0,0,-78,-77,-75,-59,-193,-189,-197,-186,-416,-406,-381,-327,-481,-456,-540,-507,-507,-515,-520,-519,-612,-428,-409,0,-585,-573,-803,-739,-782,-762,-1483,-1416,-1179,-1082]} 1. c4 e5 2. g3 c6 3. d4 e4 4. Bg2 d5 5. Nc3 Bb4 6. Qb3 {A20: English Opening: 1...e5.} a5 7. cxd5 cxd5 {[#]} 8. Bd2 $146 (8. Nh3 {should be considered.}) ({Predecessor:} 8. a3 Bxc3+ 9. Qxc3 Nc6 10. Nh3 Qb6 11. Be3 Nf6 12. O-O O-O 13. f3 Re8 14. Nf2 {1-0 (45) Jere,D (2371)-Shlyakhtenko,R (2361) New York 2021}) 8... Nf6 $11 9. a3 Bxc3 10. Bxc3 O-O 11. Nh3 a4 12. Qc2 Bf5 {Hoping for ...Qc8.} 13. e3 Qd7 14. Nf4 g5 15. Ne2 Bg4 ({Black should try} 15... Bh3 $15 16. Bxh3 Qxh3) 16. h4 (16. h3 $11 Be6 17. g4) 16... h6 $1 $15 17. hxg5 hxg5 18. O-O-O Na6 19. Rh6 Kg7 20. Rdh1 Rh8 ({Black should play} 20... b5 $1 $17 {[%cal Rb5b4] And now ...b4! would win.} 21. Bf1 Rfb8) 21. Rxh8 $11 Rxh8 22. Rxh8 Kxh8 23. Ng1 Kg7 24. Bf1 Qe8 25. Be2 Qh8 {Threatens to win with ...Qh2.} 26. Bxg4 (26. Qd1 $1 $11 Bxe2 27. Nxe2) 26... Nxg4 $17 27. Qe2 Nf6 {[%cal Bg4f6,Bf6g4,Bg4h2][%mdl 32] Black is more active.} ({Don't play} 27... Qh2 $6 28. Qxg4 Qxg1+ 29. Kc2 Qxf2+ 30. Bd2 $11) 28. Kd2 {[#] White is now going downhill.} (28. Qd1 $15) 28... Qh1 $1 $19 29. Qe1 {[#]} Ng4 $1 30. Ke2 $2 (30. Bb4) 30... Kg6 31. Ba5 Nb8 32. Kf1 (32. Bc7 $142 Nc6 33. Bd6) 32... Nc6 33. Bc3 f5 34. Ke2 Nh2 35. Kd1 Qg2 36. Ke2 Nd8 {...Nf7 is the strong threat.} (36... Ng4 37. Qf1 Qh1 38. Qc1 $19) 37. Bb4 ({Inferior is} 37. Kd1 Ne6 38. Kc1 Ng4 $19) 37... Nc6 (37... f4 $142 38. gxf4 gxf4) 38. Bc3 $1 Ne7 {White must now prevent ...Ng8. Black is clearly winning.} ({Weaker is} 38... Ng4 39. Qf1 Qh1 40. Qc1 $19) 39. Ba5 Ng8 40. Kd1 Nf6 41. Ne2 Nf3 42. Qb4 Qf1+ {Weighted Error Value: White=0.46/Black=0.23 (precise)} 0-1

[Event "Kragero Resort International 2022"]
[Site "Kragero"]
[Date "2022.02.27"]
[Round "9.27"]
[White "Jonsson, Gauti Pall"]
[Black "Skotheim, Andreas"]
[Result "1/2-1/2"]
[WhiteElo "2048"]
[BlackElo "2181"]
[Annotator "TA"]
[PlyCount "119"]
[EventDate "2022.02.23"]
[EventType "swiss"]
[EventCountry "NOR"]
[SourceTitle "playchess.com"]
[Source "ChessBase"]
[SourceQuality "1"]

{[%evp 9,119,21,19,15,27,28,27,25,24,19,22,29,31,0,6,0,0,6,46,51,41,-4,0,0,-12,-17,10,0,0,0,0,0,0,0,7,0,0,0,0,0,0,0,6,-43,-34,-89,-21,-62,-62,-42,-52,-42,-51,-42,-33,-110,0,-22,-22,-27,-11,-12,-10,-12,-4,-2,-12,-51,-59,-88,-34,-34,-34,-34,-34,-34,-31,-31,-31,-31,-31,-31,0,0,0,-31,0,-31,0,-31,0,0,0,0,0,0,0,0,0,0,-28000,-28000,-28000,-28000,-28000,-28000,-28000,-28000,-28000,-28000,-28000,-28000]} 1. Nf3 Nf6 2. g3 d5 3. Bg2 c5 4. O-O h6 5. b3 Nc6 6. d4 {Prevents e5. A08: King's Indian Attack.} cxd4 7. Nxd4 e5 8. Nxc6 {White has an edge.} bxc6 9. c4 Be6 10. Bb2 {[#]} Qd6 $146 ({Predecessor:} 10... Bd6 11. Nc3 e4 12. cxd5 cxd5 13. Nb5 Be7 14. Rc1 O-O 15. Qd4 Bg4 16. Rc2 a6 {½-½ (45) Arnaudov,P (2471)-Batsiashvili,N (2457) Chess.com INT 2020}) 11. cxd5 (11. Na3 $5 {[%cal Rc4d5]}) 11... cxd5 12. Nd2 {[%cal Od2c4]} Rd8 13. Nf3 d4 14. Rc1 Be7 15. Nd2 (15. e3 $14 {is superior.}) 15... Bd5 16. Nc4 Qe6 17. Bxd5 Qxd5 18. e3 O-O 19. exd4 exd4 20. Re1 Rfe8 21. Re5 Qd7 22. Qd3 Ng4 23. Re2 Bf6 24. Rce1 {Threatens to win with h3.} Rxe2 25. Rxe2 {h3 is the strong threat.} Qd5 26. f4 (26. Qe4 $11 Ne3 27. Qxd5 Nxd5 28. Rd2) 26... h5 27. Ba3 (27. Bc1 $15) 27... g6 (27... h4 $17) 28. Be7 (28. Bb4 $11 {was preferrable.}) 28... Bxe7 $15 29. Rxe7 Qc5 30. Re2 Kg7 31. h3 Nf6 32. a3 {[#]} ({Better is} 32. Rf2 $15) 32... Nd7 (32... Qf5 $1 $17 {[%cal Rf5d3]} 33. Qxf5 gxf5) 33. Re4 Nb6 34. Re5 Qc6 35. Re2 Nxc4 36. bxc4 $11 {[%mdl 4096] Endgame KQR-KQR} Qd6 {[%cal Oh5h4]} 37. Re5 Qb6 38. f5 Qf6 39. Rb5 Re8 (39... a6 $17 40. Rd5 Rxd5 41. cxd5 gxf5) 40. Rd5 $15 Re3 41. Qxd4 Rxg3+ 42. Kh2 Qxd4 43. Rxd4 Rxa3 44. fxg6 Kxg6 {KR-KR} 45. c5 Ra6 46. Rc4 {[#] And now c6 would win.} Rc6 47. Ra4 Rc7 (47... Rxc5 $5 {[%cal Ra7a5]} 48. Rxa7 h4 $17) 48. Kg3 Kf5 49. Kh4 f6 50. Ra5 Ke4 51. Kxh5 f5 {White must now prevent ...f4.} 52. Kg5 f4 {Hoping for ...f3.} 53. Ra4+ Ke3 {Strongly threatening ...f3.} 54. Rxf4 Rxc5+ $2 {[%mdl 8192]} (54... a5 $11) 55. Kg4 {Mate.} a5 56. h4 Rb5 57. Rf3+ Ke4 58. Rf4+ Ke3 59. Rf3+ Ke4 60. Rf4+ {[%mdl 32768] Weighted Error Value: White=0.10 (very precise) /Black=0.11 (very precise) . An unexpected result.} 1/2-1/2

[Event "Kragero Resort International 2022"]
[Site "Kragero"]
[Date "2022.02.27"]
[Round "9.28"]
[White "Kreken, Eivind Grunt"]
[Black "Fischer, Daniel"]
[Result "0-1"]
[WhiteElo "2034"]
[BlackElo "2340"]
[Annotator "TA"]
[PlyCount "102"]
[EventDate "2022.02.23"]
[EventType "swiss"]
[EventCountry "NOR"]
[SourceTitle "playchess.com"]
[Source "ChessBase"]
[SourceQuality "1"]

{[%evp 15,102,8,16,0,16,-29,-31,-68,-52,-70,-72,-69,-54,-73,-8,0,-13,-11,0,-12,-14,-20,-22,-6,-25,-6,-6,-6,-6,-50,-56,-72,-41,-40,-39,-41,-34,-41,-41,-41,-28,-41,-41,-41,-35,-41,-41,-41,-41,-41,-41,-41,-41,-41,0,-12,0,-41,-41,-41,-39,-41,-43,-45,-39,-46,-46,-47,0,0,28,0,108,0,27,0,23,-29986,0,-29987,-29988,-29991,-29992,-29992,-29993,-29993,-29994,-29995,-29996]} 1. Nf3 d5 2. d4 Nf6 3. c4 e6 4. g3 Bb4+ 5. Bd2 Be7 6. Bg2 O-O 7. O-O c6 8. Qb3 Nbd7 9. a4 {[#] E11: Bogo-Indian.} b6 $146 ({Predecessor:} 9... a5 10. Na3 b6 11. Rac1 Bb7 12. Rfd1 Re8 13. Bf4 Rc8 14. cxd5 exd5 15. Bh3 Bf8 16. Bg5 Rb8 {½-½ (43) Guimera Manjon,A (2153)-Tomasa,I (2178) ICCF email 2019}) 10. a5 (10. cxd5 $142 cxd5 11. Nc3) 10... Ba6 $11 11. Na3 {Black is slightly better.} Bxa3 12. Qxa3 Bxc4 13. Rfe1 Ne4 14. Bf4 c5 ({Black should try} 14... Re8 $17) 15. Ne5 Nxe5 16. dxe5 {f3 is the strong threat.} f6 17. Bxe4 dxe4 18. exf6 Qxf6 19. axb6 axb6 20. Qxa8 Rxa8 21. Rxa8+ Kf7 22. Bc1 (22. Raa1 $1 $11) 22... Qd4 $15 {[%cal Oc4e2]} 23. Kg2 Bd5 24. Ra3 Kg6 25. Rc3 Kf5 26. h4 Qb4 27. Kf1 c4 28. Rc2 Kg4 29. Be3 Qa4 {To avoid Ra1} 30. Rec1 b5 31. Kg2 Qa2 32. Kh2 Kf5 33. Kg2 Qa4 34. Kh2 Bb7 (34... b4 $15) 35. Kg2 h6 36. Kh2 (36. Rc3 $11) 36... Bd5 37. Kg2 Qa8 38. Kh2 Qa5 39. Kg2 Kg6 40. Kh2 Kf7 41. Kg2 e5 (41... b4 $15) 42. Rd2 $11 Be6 43. Kh2 (43. Rdd1 $5 {[%cal Rc1a1]} Qa2 44. Rd2 $15) 43... Qa6 (43... Qa2 $11) 44. Kg2 (44. Rdd1 $1 $16) 44... Bc8 45. Kh2 Qe6 {( -> ...Qh3+)} 46. Kg2 {[%mdl 8192] [#]} (46. Ra1 $11) 46... Qh3+ $1 47. Kg1 {[#] And now Ra1 would win.} Bg4 $1 {Black mates.} 48. Rcd1 {[#]} Bf3 $1 {[%csl Gf3][%cal Rh3g2][%mdl 512]} 49. Rd7+ Kg8 {[%csl Gf3][%cal Rh3h1]} 50. exf3 exf3 {[%csl Gf3][%cal Rh3g2]} 51. Rd8+ Kh7 {Weighted Error Value: White=0.28 (precise) /Black=0.16 (very precise)} 0-1